[Event "Sant Adria de Besos op-B 3rd"]
[Site "Sant Adria de Besos"]
[Date "2019.08.19"]
[Round "6"]
[White "Molinas Garcia, Francisco"]
[Black "Farre Buil, Carles"]
[Result "1/2-1/2"]
[WhiteElo "1714"]
[BlackElo "1736"]
[PlyCount "118"]
[EventDate "2019.08.14"]
[EventType "swiss"]
[EventRounds "9"]
[EventCountry "ESP"]
[SourceTitle "EXT 2020"]
[Source "ChessBase"]
[SourceDate "2019.10.17"]
[SourceVersion "1"]
[SourceVersionDate "2019.10.17"]
[SourceQuality "1"]

1. d4 Nf6 2. Nf3 d6 3. Nc3 Nbd7 4. e4 e5 5. dxe5 dxe5 6. Bc4 Be7 7. 0-0 0-0 8. Qe2 c6 9. Rd1 Qc7 10. a4 a5 11. Bg5 Nc5 12. Bxf6 Bxf6 13. Qe3 b6 14. Ne2 Be6 15. Bxe6 Nxe6 16. Rd2 Rad8 17. Rad1 Rxd2 18. Rxd2 Rd8 19. c3 Nc5 20. b4 Rxd2 21. Nxd2 Nxa4 22. bxa5 bxa5 23. Nc4 Be7 24. Nc1 Nc5 25. Qe2 a4 26. f3 g6 27. Qa2 Kg7 28. g3 f6 29. Kg2 Qb7 30. Nb2 Qb5 31. Qa3 Bf8 32. c4 Qa5 33. Nbd3 Qd2+ 34. Kh3 Nxd3 35. Qxd3 Qxd3 36. Nxd3 a3 37. Nc1 Kf7 38. Kg2 Bh6 39. Na2 Be3 40. Kf1 h5 41. Ke2 Bg1 42. h3 Bd4 43. Kd3 Ke6 44. Kc2 f5 45. Kb3 Bf2 46. Nb4 Kd6 47. c5+ Bxc5 48. Nd3 fxe4 49. fxe4 g5 50. g4 hxg4 51. hxg4 a2 52. Kxa2 Bd4 53. Kb3 Kc7 54. Kc4 Kb6 55. Ne1 Be3 56. Nd3 Bd4 57. Ne1 Be3 58. Nd3 Bf4 59. Nb4 Be3 1/2-1/2

[Event "Barcelona Sant Marti op-B 21st"]
[Site "Barcelona"]
[Date "2019.07.18"]
[Round "6"]
[White "Molinas Garcia, Francisco"]
[Black "Cervera Lopez, Miguel"]
[Result "0-1"]
[WhiteElo "1752"]
[BlackElo "1566"]
[PlyCount "42"]
[EventDate "2019.07.13"]
[EventType "swiss"]
[EventRounds "9"]
[EventCountry "ESP"]
[SourceTitle "EXT 2020"]
[Source "ChessBase"]
[SourceDate "2019.10.17"]
[SourceVersion "1"]
[SourceVersionDate "2019.10.17"]
[SourceQuality "1"]

1. d4 e6 2. Nf3 Nc6 3. e4 d5 4. e5 f6 5. Bb5 Bd7 6. Bxc6 Bxc6 7. 0-0 Qe7 8. Nc3 Nh6 9. Bxh6 gxh6 10. exf6 Qxf6 11. Ne5 0-0-0 12. Nxc6 bxc6 13. Qd3 Rg8 14. Qxh7 Rg6 15. f4 Bg7 16. f5 exf5 17. Rae1 Rh8 18. Qxh8+ Bxh8 19. Re8+ Kb7 20. Rfe1 Qxd4+ 21. Kh1 Qg4 0-1

[Event "Barcelona Sant Marti op-B 21st"]
[Site "Barcelona"]
[Date "2019.07.16"]
[Round "4"]
[White "Molinas Garcia, Francisco"]
[Black "Boldu Zabih, Llorenc"]
[Result "0-1"]
[WhiteElo "1752"]
[BlackElo "1529"]
[PlyCount "76"]
[EventDate "2019.07.13"]
[EventType "swiss"]
[EventRounds "9"]
[EventCountry "ESP"]
[SourceTitle "EXT 2020"]
[Source "ChessBase"]
[SourceDate "2019.10.17"]
[SourceVersion "1"]
[SourceVersionDate "2019.10.17"]
[SourceQuality "1"]

1. e4 c5 2. Nc3 d6 3. f4 e6 4. Nf3 g6 5. Bb5+ Nd7 6. 0-0 a6 7. Bxd7+ Bxd7 8. d3 Bg7 9. Be3 Ne7 10. Qe1 Nc6 11. Nd1 0-0 12. c3 b6 13. Nf2 d5 14. e5 f6 15. d4 fxe5 16. Nxe5 Nxe5 17. fxe5 cxd4 18. cxd4 Bb5 19. Qd2 Bxf1 20. Rxf1 Rc8 21. Qd3 b5 22. Bd2 Qh4 23. g3 Qh5 24. Qa3 Rc2 25. Bb4 Rf7 26. Qxa6 Qe2 27. Qxe6 Bf8 28. Be1 Kg7 29. Qg4 Rxb2 30. Qxe2 Rxe2 31. Ng4 Rxf1+ 32. Kxf1 Rxa2 33. Nf6 b4 34. Nxd5 b3 35. e6 b2 36. Nc3 Bb4 37. d5 Kf6 38. Nxa2 Bxe1 0-1

[Event "Barcelona Sant Marti op-B 21st"]
[Site "Barcelona"]
[Date "2019.07.14"]
[Round "2"]
[White "Molinas Garcia, Francisco"]
[Black "Zakharov, Arsenii V"]
[Result "1-0"]
[WhiteElo "1752"]
[BlackElo "1177"]
[PlyCount "117"]
[EventDate "2019.07.13"]
[EventType "swiss"]
[EventRounds "9"]
[EventCountry "ESP"]
[SourceTitle "EXT 2020"]
[Source "ChessBase"]
[SourceDate "2019.10.17"]
[SourceVersion "1"]
[SourceVersionDate "2019.10.17"]
[SourceQuality "1"]

1. d4 d5 2. c4 e6 3. Nf3 Nc6 4. g3 Nf6 5. Bg2 Bb4+ 6. Bd2 Bxd2+ 7. Nbxd2 0-0 8. 0-0 Re8 9. a3 Bd7 10. cxd5 exd5 11. e3 Bf5 12. b4 a6 13. Rc1 Qd6 14. Nb3 Ne4 15. Nc5 Nxc5 16. dxc5 Qf6 17. Qxd5 Rad8 18. Qc4 Bd3 19. Qg4 Bxf1 20. Rxf1 Ne5 21. Nxe5 Rxe5 22. Bxb7 Rd3 23. Qc8+ Qd8 24. Qxd8+ Rxd8 25. a4 Rb8 26. Rd1 h6 27. c6 a5 28. b5 Re7 29. Rc1 Kh8 30. Rc5 Kg8 31. b6 Kh7 32. bxc7 Rxc7 33. Rxa5 Rbxb7 34. cxb7 Rxb7 35. Rb5 Ra7 36. a5 Kg6 37. Rb6+ Kf5 38. a6 Ke5 39. f3 Rd7 40. Rb7 Rd1+ 41. Kg2 Ra1 42. a7 Ke6 43. f4 g6 44. Kf3 f5 45. h4 Rf1+ 46. Ke2 Ra1 47. Kd3 Ra6 48. Rb6+ Rxb6 49. a8Q Rd6+ 50. Kc4 Rd7 51. Qg8+ Rf7 52. Qxg6+ Rf6 53. Qe8+ Kd6 54. Qe5+ Kc6 55. Qxf6+ Kd7 56. Kd5 Kc7 57. Qc6+ Kd8 58. Ke6 h5 59. Qd7# 1-0

[Event "Barcelona La Lira op 36th"]
[Site "Barcelona"]
[Date "2018.01.26"]
[Round "2.9"]
[White "Walter Travella, German"]
[Black "Molinas Garcia, Francisco"]
[Result "1-0"]
[WhiteElo "1855"]
[BlackElo "1717"]
[PlyCount "29"]
[EventDate "2018.01.19"]
[EventType "swiss"]
[EventRounds "8"]
[EventCountry "ESP"]
[SourceTitle "EXT 2024"]
[Source "ChessBase"]
[SourceDate "2023.10.10"]
[SourceVersion "1"]
[SourceVersionDate "2023.10.10"]
[SourceQuality "1"]

1. d4 Nf6 2. Nc3 d5 3. Bg5 e6 4. e4 dxe4 5. Nxe4 Be7 6. Bxf6 gxf6 7. Nf3 f5 8. Ng3 Nd7 9. Bc4 b6 10. Qe2 Bb7 11. 0-0-0 Nf6 12. Ne5 Qd6 13. Kb1 h5 14. Nxf5 exf5 15. Nxf7 1-0

[Event "Barcelona La Lira op 36th"]
[Site "Barcelona"]
[Date "2018.01.19"]
[Round "1.22"]
[White "Molinas Garcia, Francisco"]
[Black "Martin Salguero, David"]
[Result "1-0"]
[WhiteElo "1717"]
[BlackElo "1788"]
[PlyCount "75"]
[EventDate "2018.01.19"]
[EventType "swiss"]
[EventRounds "8"]
[EventCountry "ESP"]
[SourceTitle "EXT 2024"]
[Source "ChessBase"]
[SourceDate "2023.10.10"]
[SourceVersion "1"]
[SourceVersionDate "2023.10.10"]
[SourceQuality "1"]

1. e4 e5 2. Nf3 Nc6 3. Bb5 a6 4. Ba4 Nf6 5. 0-0 b5 6. Bb3 Be7 7. Qe2 0-0 8. Rd1 Bb7 9. c3 d6 10. d4 Qc8 11. Nbd2 Qg4 12. h3 Qc8 13. d5 Nd8 14. c4 c6 15. a4 bxc4 16. Nxc4 Qc7 17. Be3 cxd5 18. Nb6 Rb8 19. Rac1 Bc6 20. exd5 Rxb6 21. Bxb6 Qxb6 22. dxc6 Nxc6 23. Bc4 Nb4 24. Qe3 Qxe3 25. fxe3 d5 26. Be2 e4 27. Nd4 g6 28. Nc6 Nxc6 29. Rxc6 a5 30. Ra6 Bb4 31. Rxf6 Kg7 32. Rc6 Rd8 33. Bc4 d4 34. Rxd4 Rxd4 35. exd4 e3 36. Kf1 f5 37. Ke2 Bd2 38. Re6 1-0

[Event "Badalona op-B 43rd"]
[Site "Badalona"]
[Date "2017.08.03"]
[Round "2"]
[White "Alonso Gomez, Raul"]
[Black "Molinas Garcia, Francisco"]
[Result "1-0"]
[WhiteElo "1938"]
[BlackElo "1769"]
[PlyCount "59"]
[EventDate "2017.08.02"]
[EventType "swiss"]
[EventRounds "9"]
[EventCountry "ESP"]
[SourceTitle "EXT 2019"]
[Source "ChessBase"]
[SourceDate "2018.10.10"]
[SourceVersion "1"]
[SourceVersionDate "2018.10.10"]
[SourceQuality "1"]

1. b3 d5 2. Nf3 Bg4 3. e3 e5 4. Be2 Nc6 5. Bb2 Bd6 6. c4 Bxf3 7. Bxf3 Nb4 8. d3 dxc4 9. bxc4 c6 10. a3 Nxd3+ 11. Qxd3 Bb4+ 12. Ke2 Qxd3+ 13. Kxd3 0-0-0+ 14. Ke2 Bd6 15. Nc3 f5 16. e4 g6 17. Rhd1 Nf6 18. g3 Bc7 19. Bg2 Nd7 20. Na4 Rhe8 21. Bc1 f4 22. Bh3 b6 23. Ra2 g5 24. Rad2 Re7 25. gxf4 exf4 26. f3 Be5 27. Bb2 Bxb2 28. Nxb2 Kc7 29. Bf5 h6 30. Rd6 1-0

[Event "Barcelona Sant Marti op-B 19th"]
[Site "Barcelona"]
[Date "2017.07.14"]
[Round "2"]
[White "Rodriguez Isern, Bernat"]
[Black "Molinas Garcia, Francisco"]
[Result "1-0"]
[WhiteElo "1864"]
[BlackElo "1738"]
[PlyCount "68"]
[EventDate "2017.07.13"]
[EventType "swiss"]
[EventRounds "9"]
[EventCountry "ESP"]
[SourceTitle "EXT 2018"]
[Source "ChessBase"]
[SourceDate "2017.10.13"]
[SourceVersion "1"]
[SourceVersionDate "2017.10.13"]
[SourceQuality "1"]

1. e4 c5 2. Nf3 g6 3. d4 cxd4 4. Nxd4 Bg7 5. c4 Nc6 6. Nxc6 bxc6 7. Be2 d6 8. 0-0 Nf6 9. Nc3 0-0 10. Be3 Be6 11. f4 Qc7 12. Rc1 Rab8 13. b3 Rfd8 14. f5 Bc8 15. Qe1 e6 16. fxg6 fxg6 17. Qh4 Rf8 18. Bg5 Qb6+ 19. Kh1 Qd4 20. Rfd1 Qc5 21. Na4 Qe5 22. Bf4 Qxe4 23. Bf3 Qf5 24. Bxd6 Bb7 25. Bxb8 Rxb8 26. Qd4 c5 27. Qxc5 Bxf3 28. Qxf5 Bxg2+ 29. Kxg2 exf5 30. Nc3 Bh6 31. Rc2 Ng4 32. Nd5 Kf7 33. Re1 Bg5 34. h3 Nf6 1-0

[Event "Barcelona Tres Peons-E 46th"]
[Site "Barcelona"]
[Date "2017.06.09"]
[Round "8.2"]
[White "Iglesias Lopez, Albert"]
[Black "Molinas Garcia, Francisco"]
[Result "0-1"]
[WhiteElo "1741"]
[BlackElo "1738"]
[PlyCount "76"]
[EventDate "2017.04.21"]
[EventType "swiss"]
[EventRounds "9"]
[EventCountry "ESP"]
[SourceTitle "EXT 2024"]
[Source "ChessBase"]
[SourceDate "2023.10.10"]
[SourceVersion "1"]
[SourceVersionDate "2023.10.10"]
[SourceQuality "1"]

1. e4 c5 2. Nf3 d6 3. d4 cxd4 4. Nxd4 Nf6 5. Nc3 g6 6. Be3 Bg7 7. f3 0-0 8. Qd2 Nc6 9. Bc4 Nd7 10. a3 Nb6 11. Bb3 Na5 12. Bh6 Nac4 13. Qc1 Bxd4 14. Bxf8 Qxf8 15. Nd1 Be6 16. c3 Bc5 17. Bc2 Nd7 18. b3 Nce5 19. Nf2 Bxb3 20. Bxb3 Bxf2+ 21. Ke2 Nc5 22. Bc2 Bh4 23. g3 Bf6 24. h4 h5 25. Rb1 Rc8 26. Qd2 Nc4 27. Qc1 Ne5 28. a4 Bg7 29. a5 Bh6 30. Qa3 Qg7 31. Qb4 Nc6 32. Qa3 Qe5 33. f4 Qe6 34. Kf3 Qg4+ 35. Kf2 Bxf4 36. gxf4 Qxf4+ 37. Ke2 Qg4+ 38. Kd2 Qg2+ 0-1

[Event "Barcelona Tres Peons-E 46th"]
[Site "Barcelona"]
[Date "2017.06.02"]
[Round "7.4"]
[White "Molinas Garcia, Francisco"]
[Black "Sanfeliu Lopez, Jaume"]
[Result "1-0"]
[WhiteElo "1738"]
[BlackElo "1742"]
[PlyCount "46"]
[EventDate "2017.04.21"]
[EventType "swiss"]
[EventRounds "9"]
[EventCountry "ESP"]
[SourceTitle "EXT 2024"]
[Source "ChessBase"]
[SourceDate "2023.10.10"]
[SourceVersion "1"]
[SourceVersionDate "2023.10.10"]
[SourceQuality "1"]

1. e4 e5 2. Nf3 f5 3. Nxe5 Qf6 4. Nc4 fxe4 5. Nc3 Qf7 6. Ne3 Nf6 7. Bc4 d5 8. Ncxd5 c6 9. Nb6 Be6 10. Bxe6 Qxe6 11. Nxa8 Bd6 12. d3 0-0 13. 0-0 Nbd7 14. dxe4 Qe5 15. f4 Qxe4 16. Qxd6 Rxa8 17. Qd3 Qe7 18. Nf5 Qf8 19. Be3 b6 20. Qc4+ Kh8 21. Rad1 Re8 22. Bd4 c5 23. Bc3 Re4 1-0

[Event "Barcelona Tres Peons-E 46th"]
[Site "Barcelona"]
[Date "2017.04.28"]
[Round "2.3"]
[White "Molinas Garcia, Francisco"]
[Black "Volart Buil, Jordi"]
[Result "1-0"]
[WhiteElo "1738"]
[BlackElo "1762"]
[PlyCount "77"]
[EventDate "2017.04.21"]
[EventType "swiss"]
[EventRounds "9"]
[EventCountry "ESP"]
[SourceTitle "EXT 2024"]
[Source "ChessBase"]
[SourceDate "2023.10.10"]
[SourceVersion "1"]
[SourceVersionDate "2023.10.10"]
[SourceQuality "1"]

1. e4 c5 2. Nf3 Nc6 3. Nc3 a6 4. d4 e6 5. d5 exd5 6. Nxd5 Nf6 7. Bg5 Be7 8. Nxe7 Qxe7 9. Bd3 Qe6 10. 0-0 0-0 11. Re1 b5 12. c3 Bb7 13. Be3 d6 14. Ng5 Qe7 15. f4 h6 16. Nf3 Rad8 17. Bf2 c4 18. Bc2 Ng4 19. Bh4 Nf6 20. Qe2 g5 21. fxg5 hxg5 22. Bxg5 Ne5 23. Nd4 Bc8 24. Rf1 Bg4 25. Qf2 Nxe4 26. Bxe7 Nxf2 27. Rxf2 Rfe8 28. Bxd8 Rxd8 29. h3 Bh5 30. g4 Bg6 31. Nf5 Bxf5 32. Rxf5 Rd7 33. Rd1 Ng6 34. Rf6 d5 35. Bxg6 fxg6 36. Rxg6+ Kf7 37. Rxa6 b4 38. cxb4 d4 39. Rc6 1-0

[Event "Barcelona Sant Marti op-B 18th"]
[Site "Barcelona"]
[Date "2016.07.19"]
[Round "7.40"]
[White "Molinas Garcia, Francisco"]
[Black "Garcia Ramos, Anais"]
[Result "1-0"]
[WhiteElo "1786"]
[BlackElo "1392"]
[PlyCount "117"]
[EventDate "2016.07.13"]
[EventType "swiss"]
[EventRounds "9"]
[EventCountry "ESP"]
[SourceTitle "EXT 2024"]
[Source "ChessBase"]
[SourceDate "2023.10.10"]
[SourceVersion "1"]
[SourceVersionDate "2023.10.10"]
[SourceQuality "1"]

1. c4 e6 2. Nf3 f5 3. g3 Nf6 4. Bg2 Be7 5. d4 0-0 6. 0-0 d6 7. Nc3 Qe8 8. b4 Ne4 9. Bb2 Nxc3 10. Bxc3 Bf6 11. Rc1 e5 12. dxe5 dxe5 13. Nxe5 Bxe5 14. Qd5+ Kh8 15. Qxe5 Qxe5 16. Bxe5 c6 17. Rfd1 Nd7 18. Bc3 Re8 19. e3 Nb6 20. c5 Nd7 21. Rd3 Nf6 22. Bxf6 gxf6 23. Rcd1 Be6 24. a3 Kg7 25. Rd6 Kf7 26. R1d4 Rh8 27. Bf3 Rac8 28. e4 h5 29. exf5 Bxf5 30. Rh4 Kg6 31. Be4 Bxe4 32. Rxe4 Rc7 33. Red4 Rhh7 34. Kg2 Rhe7 35. Rf4 Rf7 36. Kf3 Rce7 37. Rd8 Kg7 38. Rfd4 a6 39. Kf4 Kg6 40. Rg8+ Rg7 41. Rxg7+ Kxg7 42. f3 Kg6 43. Rd8 Kg7 44. h3 Kh7 45. Kf5 Kg7 46. f4 Kf7 47. Rd6 Re3 48. Rxf6+ Ke7 49. Rh6 Rxg3 50. Rxh5 Rxa3 51. Rh7+ Kd8 52. Rxb7 Rxh3 53. Rb6 Kc7 54. Rxa6 Rb3 55. Rb6 Ra3 56. Kf6 Rf3 57. f5 Rf4 58. Ke6 Re4+ 59. Kf7 1-0

[Event "Barcelona Sant Marti op-B 18th"]
[Site "Barcelona"]
[Date "2016.07.18"]
[Round "6.19"]
[White "Valarezo Ricard, Pedro"]
[Black "Molinas Garcia, Francisco"]
[Result "1-0"]
[WhiteElo "1887"]
[BlackElo "1786"]
[PlyCount "53"]
[EventDate "2016.07.13"]
[EventType "swiss"]
[EventRounds "9"]
[EventCountry "ESP"]
[SourceTitle "EXT 2024"]
[Source "ChessBase"]
[SourceDate "2023.10.10"]
[SourceVersion "1"]
[SourceVersionDate "2023.10.10"]
[SourceQuality "1"]

1. d4 Nf6 2. Nf3 g6 3. Bf4 Bg7 4. Nc3 d6 5. Qd2 h6 6. e4 c6 7. Bd3 Nfd7 8. 0-0 b5 9. a3 a5 10. Ne2 Nb6 11. c3 Be6 12. d5 cxd5 13. Bxb5+ Bd7 14. Bxd7+ N8xd7 15. exd5 Nf6 16. Ned4 Nbxd5 17. Bg3 Ne4 18. Qd3 Nc5 19. Qc4 Nb6 20. Qb5+ Nbd7 21. Rfe1 Rb8 22. Qe2 Rb6 23. b4 axb4 24. axb4 Nb7 25. Ra8 Nb8 26. Rxb8 Qxb8 27. Qxe7# 1-0

[Event "Barcelona Sant Marti op-B 18th"]
[Site "Barcelona"]
[Date "2016.07.13"]
[Round "1.56"]
[White "Molinas Garcia, Francisco"]
[Black "Minko, Aleksandr"]
[Result "1-0"]
[WhiteElo "1786"]
[BlackElo "1145"]
[PlyCount "76"]
[EventDate "2016.07.13"]
[EventType "swiss"]
[EventRounds "9"]
[EventCountry "ESP"]
[SourceTitle "EXT 2024"]
[Source "ChessBase"]
[SourceDate "2023.10.10"]
[SourceVersion "1"]
[SourceVersionDate "2023.10.10"]
[SourceQuality "1"]

1. e4 e5 2. f4 d5 3. exd5 e4 4. d3 Nf6 5. dxe4 Nxe4 6. Qe2 Qe7 7. Nc3 Nxc3 8. bxc3 Bg4 9. Qxe7+ Bxe7 10. h3 Bd7 11. Rb1 c6 12. c4 cxd5 13. cxd5 Bh4+ 14. Kd1 b6 15. Nf3 Bf6 16. Ne5 0-0 17. Nxd7 Nxd7 18. Ba3 Nc5 19. Bxc5 bxc5 20. Bd3 Rad8 21. c4 Rfe8 22. Rb7 Re3 23. Kd2 Rde8 24. Rhb1 Bd8 25. Rxa7 g5 26. Rbb7 Be7 27. Kxe3 Bd6+ 28. Kf3 gxf4 29. Be4 f5 30. Rg7+ Kh8 31. Rxh7+ Kg8 32. Bxf5 Re3+ 33. Kf2 Bf8 34. Be6+ Rxe6 35. dxe6 f3 36. gxf3 Bd6 37. Rhd7 Bf8 38. Ra8 Kh8 1-0

[Event "Barcelona Primavera La Lira op 7th"]
[Site "Barcelona"]
[Date "2014.04.10"]
[Round "2"]
[White "Molinas Garcia, Francisco"]
[Black "Parayre Soguero, Jordi"]
[Result "1/2-1/2"]
[WhiteElo "1786"]
[BlackElo "1908"]
[PlyCount "34"]
[EventDate "2014.04.03"]
[EventType "swiss"]
[EventRounds "9"]
[EventCountry "ESP"]
[SourceTitle "EXT 2015"]
[Source "ChessBase"]
[SourceDate "2014.11.20"]
[SourceVersion "1"]
[SourceVersionDate "2014.11.20"]
[SourceQuality "1"]

1. c4 e5 2. Nc3 Nf6 3. d3 Bb4 4. Bd2 0-0 5. Nf3 d6 6. g3 Nc6 7. Bg2 h6 8. 0-0 Be6 9. a3 Bc5 10. b4 Bb6 11. Na4 e4 12. Ne1 exd3 13. exd3 Bg4 14. Nf3 Bd4 15. Rc1 Ne5 16. Bc3 Bxc3 17. Nxc3 Qc8 1/2-1/2

[Event "Barcelona Primavera La Lira op 7th"]
[Site "Barcelona"]
[Date "2014.04.03"]
[Round "1"]
[White "Soriano Girbau, Santiago"]
[Black "Molinas Garcia, Francisco"]
[Result "0-1"]
[WhiteElo "1379"]
[BlackElo "1786"]
[PlyCount "90"]
[EventDate "2014.04.03"]
[EventType "swiss"]
[EventRounds "9"]
[EventCountry "ESP"]
[SourceTitle "EXT 2015"]
[Source "ChessBase"]
[SourceDate "2014.11.20"]
[SourceVersion "1"]
[SourceVersionDate "2014.11.20"]
[SourceQuality "1"]

1. e4 c5 2. d3 Nc6 3. c3 g6 4. g3 Bg7 5. Nf3 d6 6. Bg2 e5 7. h3 Be6 8. 0-0 Nge7 9. Be3 0-0 10. Qd2 f5 11. Bh6 Qc8 12. Bxg7 Kxg7 13. Ng5 Bd7 14. Qe2 f4 15. Nd2 h6 16. Ngf3 Bxh3 17. Kh2 Bg4 18. Rh1 b5 19. a3 a5 20. Qd1 b4 21. Kg1 bxc3 22. bxc3 fxg3 23. fxg3 Qa6 24. Qe2 Rab8 25. Rf1 Rb2 26. Bh3 Bxf3 27. Rxf3 Rxf3 28. Qxf3 Rxd2 29. Bf1 Ng8 30. g4 Qa7 31. Qe3 c4 32. d4 exd4 33. Qxd2 dxc3+ 34. Qf2 c2 35. Qxa7+ Nxa7 36. Bg2 c1Q+ 37. Kh2 Qf4+ 38. Kh3 c3 39. Rf1 Qxf1 40. Bxf1 c2 41. a4 c1Q 42. Bg2 Nf6 43. e5 Qe3+ 44. Kh2 Nxg4+ 45. Kh1 Qe1+ 0-1

[Event "Barcelona Amateur op-E 7th"]
[Site "Barcelona"]
[Date "2009.02.10"]
[Round "2"]
[White "Garcia Riera, Josep"]
[Black "Molinas Garcia, Francisco"]
[Result "1-0"]
[WhiteElo "2056"]
[BlackElo "1876"]
[PlyCount "133"]
[EventDate "2009.02.03"]
[EventType "swiss"]
[EventRounds "8"]
[EventCountry "ESP"]
[SourceTitle "EXT 2011"]
[Source "ChessBase"]
[SourceDate "2010.11.26"]
[SourceVersion "1"]
[SourceVersionDate "2010.11.26"]
[SourceQuality "1"]

1. d4 Nf6 2. c4 g6 3. Nc3 Bg7 4. e4 d6 5. Nf3 0-0 6. Be2 e5 7. 0-0 exd4 8. Nxd4 Qe8 9. Ndb5 Na6 10. f3 Bd7 11. Be3 Qe5 12. Qd2 Qh5 13. Rf2 Bc6 14. Nd5 Nxd5 15. cxd5 Bxb5 16. Bxb5 Nc5 17. Rc1 a6 18. Be2 Qe5 19. b3 b6 20. Rff1 f5 21. b4 Na4 22. Rxc7 fxe4 23. Rfc1 exf3 24. Bxf3 Rae8 25. Bf2 Qb2 26. Qxb2 Nxb2 27. Rxg7+ Kxg7 28. Bd4+ Kf7 29. Bxb2 Rc8 30. Bg4 Rxc1+ 31. Bxc1 Kf6 32. Bf4 b5 33. Be6 Rd8 34. h4 Kg7 35. Kf2 h6 36. Ke3 Kh7 37. Ke4 Kg7 38. g3 Kh7 39. g4 Kg7 40. g5 h5 41. Bg3 Kf8 42. Bf2 Rb8 43. Bg3 Ke7 44. Bh3 Rd8 45. Bf2 Rb8 46. Bd4 Kf7 47. Kd3 Ke7 48. Kc2 Rb7 49. Kb2 Rc7 50. Bf1 Rc8 51. a4 Rb8 52. Kb3 Kf7 53. Bf2 Rb7 54. Bd3 Rb8 55. Bg3 Rb6 56. Bf4 Rb7 57. Be4 Re7 58. Bd3 Rb7 59. axb5 axb5 60. Bxd6 Rd7 61. Bc5 Rxd5 62. Bxb5 Rf5 63. Bc6 Rf4 64. b5 Rxh4 65. b6 Rh3+ 66. Kc4 Ke6 67. b7 1-0

[Event "Sitges op 33rd"]
[Site "Sitges"]
[Date "2007.07.18"]
[Round "1"]
[White "Molinas Garcia, Francisco"]
[Black "Moskalenko, Viktor"]
[Result "0-1"]
[WhiteElo "1982"]
[BlackElo "2560"]
[PlyCount "52"]
[EventDate "2007.07.18"]
[EventType "swiss"]
[EventRounds "9"]
[EventCountry "ESP"]
[SourceTitle "CBM 119 Extra"]
[Source "ChessBase"]
[SourceDate "2007.09.04"]
[SourceVersion "1"]
[SourceVersionDate "2007.09.04"]
[SourceQuality "1"]

1. e4 g6 2. d4 Bg7 3. Nc3 c6 4. f4 d5 5. e5 Nh6 6. Bd3 0-0 7. h3 Nf5 8. Bxf5 Bxf5 9. Nf3 Na6 10. g4 Be4 11. Nxe4 dxe4 12. Ng5 Qd5 13. Qe2 f5 14. gxf5 gxf5 15. Be3 h6 16. c4 Qd7 17. e6 Qd6 18. Nf7 Qxe6 19. Ne5 Kh7 20. d5 cxd5 21. cxd5 Qxd5 22. Rd1 Qe6 23. Bd4 Nb4 24. Ng6 Rfd8 25. Bxg7 Rxd1+ 26. Qxd1 Qxg6 0-1